Tastare rapidă de la A la Z - Statistics

General Stats
  • This quiz has been taken 128 times
  • The average score is 5 of 30
Answer Stats
Literă % Correct
A
100%
Ă
48%
Â
39%
B
26%
C
26%
D
26%
E
26%
F
26%
G
26%
H
26%
I
19%
J
16%
Î
13%
K
13%
L
10%
M
10%
N
10%
O
10%
P
10%
R
6%
S
6%
Ș
6%
T
6%
Ț
3%
U
3%
V
3%
W
3%
X
3%
Y
3%
Z
3%
No matching quizzes found
Score Distribution
Percent of People with Each Score
Percentile by Number Answered
Your Score History
You have not taken this quiz